Statistics for Things That Are Pink<3

Click here to take the quiz!

General Stats

  • This quiz has been taken 47 times
    (44 since last reset)
  • The average score is 10 of 12

Answer Stats

Answer% Correct
Flamingo
97%
Heart
97%
Pig
97%
Tongue
92%
Ribbon
90%
Eraser
85%
Bubblegum
79%
Cotton Candy
79%
Unicorn
79%
Pink Panther
77%
Roses
72%
Cadillac
36%

Score Distribution

Percentile by Number Answered

Percent of People with Each Score

Your Score History

You have not taken this quiz since the last reset